<?xml version="1.0" encoding="UTF-8"?><?xml-stylesheet type="text/xsl" href="static/style.xsl"?><OAI-PMH xmlns="http://www.openarchives.org/OAI/2.0/" xmlns:xsi="http://www.w3.org/2001/XMLSchema-instance" xsi:schemaLocation="http://www.openarchives.org/OAI/2.0/ http://www.openarchives.org/OAI/2.0/OAI-PMH.xsd"><responseDate>2026-04-17T14:18:09Z</responseDate><request verb="GetRecord" identifier="oai:www.recercat.cat:10256/12463" metadataPrefix="marc">https://recercat.cat/oai/request</request><GetRecord><record><header><identifier>oai:recercat.cat:10256/12463</identifier><datestamp>2024-06-18T13:35:30Z</datestamp><setSpec>com_2072_452955</setSpec><setSpec>com_2072_2054</setSpec><setSpec>col_2072_452958</setSpec></header><metadata><record xmlns="http://www.loc.gov/MARC21/slim" xmlns:dcterms="http://purl.org/dc/terms/" xmlns:xsi="http://www.w3.org/2001/XMLSchema-instance" xmlns:doc="http://www.lyncode.com/xoai" xsi:schemaLocation="http://www.loc.gov/MARC21/slim http://www.loc.gov/standards/marcxml/schema/MARC21slim.xsd">
   <leader>00925njm 22002777a 4500</leader>
   <datafield ind2=" " ind1=" " tag="042">
      <subfield code="a">dc</subfield>
   </datafield>
   <datafield ind2=" " ind1=" " tag="720">
      <subfield code="a">Balmaña, Meritxell</subfield>
      <subfield code="e">author</subfield>
   </datafield>
   <datafield ind2=" " ind1=" " tag="720">
      <subfield code="a">Giménez, Estela</subfield>
      <subfield code="e">author</subfield>
   </datafield>
   <datafield ind2=" " ind1=" " tag="720">
      <subfield code="a">Puerta, Angel</subfield>
      <subfield code="e">author</subfield>
   </datafield>
   <datafield ind2=" " ind1=" " tag="720">
      <subfield code="a">Llop Escorihuela, Esther</subfield>
      <subfield code="e">author</subfield>
   </datafield>
   <datafield ind2=" " ind1=" " tag="720">
      <subfield code="a">Figueras, Joan</subfield>
      <subfield code="e">author</subfield>
   </datafield>
   <datafield ind2=" " ind1=" " tag="720">
      <subfield code="a">Fort Martorell, Esther</subfield>
      <subfield code="e">author</subfield>
   </datafield>
   <datafield ind2=" " ind1=" " tag="720">
      <subfield code="a">Sanz Nebot, María Victoria</subfield>
      <subfield code="e">author</subfield>
   </datafield>
   <datafield ind2=" " ind1=" " tag="720">
      <subfield code="a">Bolòs, Carme de</subfield>
      <subfield code="e">author</subfield>
   </datafield>
   <datafield ind2=" " ind1=" " tag="720">
      <subfield code="a">Rizzi, Andreas</subfield>
      <subfield code="e">author</subfield>
   </datafield>
   <datafield ind2=" " ind1=" " tag="720">
      <subfield code="a">Barrabés Vera, Sílvia</subfield>
      <subfield code="e">author</subfield>
   </datafield>
   <datafield ind2=" " ind1=" " tag="720">
      <subfield code="a">Frutos, Mercedes de</subfield>
      <subfield code="e">author</subfield>
   </datafield>
   <datafield ind2=" " ind1=" " tag="720">
      <subfield code="a">Peracaula Miró, Rosa</subfield>
      <subfield code="e">author</subfield>
   </datafield>
   <datafield ind2=" " ind1=" " tag="260">
      <subfield code="c">info:eu-repo/date/embargoEnd/2026-01-01</subfield>
   </datafield>
   <datafield ind2=" " ind1=" " tag="260">
      <subfield code="c">info:eu-repo/date/embargoEnd/2026-01-01</subfield>
   </datafield>
   <datafield ind2=" " ind1=" " tag="260">
      <subfield code="c">2016-01-30</subfield>
   </datafield>
   <datafield ind2=" " ind1=" " tag="520">
      <subfield code="a">Pancreatic cancer (PDAC) lacks reliable diagnostic biomarkers and the search for new biomarkers represents an important&#xd;
challenge. Previous results looking at a small cohort of patients showed an increase in α-1-acid glycoprotein&#xd;
(AGP) fucosylation in advanced PDAC using N-glycan sequencing. Here,we have analysed AGP glycoforms in a larger&#xd;
cohort using several analytical techniques includingmass spectrometry (MS), capillary zone electrophoresis (CZE) and&#xd;
enzyme-linked lectin assays (ELLAs) for determining AGP glycoforms which could be PDAC associated. AGP from 31&#xd;
serum samples, including healthy controls (HC), chronic pancreatitis (ChrP) and PDAC patients, was purified by immunoaffinity&#xd;
chromatography. Stable isotope labelling of AGP released N-glycans and their analysis by zwitterionic&#xd;
hydrophilic interaction capillary liquid chromatography electrospray MS (μZIC-HILIC–ESI-MS) showed an increase&#xd;
in AGP fucosylated glycoforms in PDAC compared to ChrP and HC. By CZE-UV analysis, relative concentrations of&#xd;
some of the AGP isoforms were found significantly different compared to those in PDAC and HC. Finally, ELLAs&#xd;
using Aleuria aurantia lectin displayed a significant increase in AGP fucosylation, before and after AGP neuraminidase&#xd;
treatment, in advanced PDAC compared to ChrP and HC, respectively. Altogether, these results indicate that α1-3&#xd;
fucosylated glycoforms of AGP are increased in PDAC and could be potentially regarded as a PDAC biomarker</subfield>
   </datafield>
   <datafield ind2=" " ind1=" " tag="520">
      <subfield code="a">This work was supported by the Government of Catalonia (grant 2014 SGR 229), the Spanish Ministry of Science and Innovation (grant BIO 2010-16922, awarded to R. P) and the Spanish Ministry of Economy and Competitiveness (grant CTQ2013-43236, awarded to M.F. and grant CTQ2011-27130, awarded to V. S-N)</subfield>
   </datafield>
   <datafield ind1="8" ind2=" " tag="024">
      <subfield code="a">http://hdl.handle.net/10256/12463</subfield>
   </datafield>
   <datafield tag="653" ind2=" " ind1=" ">
      <subfield code="a">Pàncrees -- Càncer</subfield>
   </datafield>
   <datafield tag="653" ind2=" " ind1=" ">
      <subfield code="a">Pancreas -- Cancer</subfield>
   </datafield>
   <datafield tag="653" ind2=" " ind1=" ">
      <subfield code="a">Marcadors tumorals</subfield>
   </datafield>
   <datafield tag="653" ind2=" " ind1=" ">
      <subfield code="a">Tumor markers</subfield>
   </datafield>
   <datafield ind2="0" ind1="0" tag="245">
      <subfield code="a">Increased α1-3 fucosylation of α-1-acid glycoprotein (AGP) in pancreatic cancer</subfield>
   </datafield>
</record></metadata></record></GetRecord></OAI-PMH>